00383nam a2200109Ia 4500008004100000050002200041100002300063245006900086260008600155300002000241521001200261140724s9999 xx 000 0 und d aRT 41b.C382 2009 aCavite, Dan Avery. aEmbodiment of 5C's among SISC BSN Graduates /cDan Avery Cavite. aLas Piñas, Philippines :bSouthville International School and Colleges,cc2009. a65 p. :c28 cm. aNursing